Statistics for Alle hovedstæder i Danmark på et kort

Click here to take the quiz!

General Stats

  • This quiz has been taken 113 times
  • The average score is 6 of 8

Answers on the Map

Answers color-coded by a green-red scale on the quiz's map according to % correct below.
 

Answer Stats

TypeDel af...Hovedstad% Correct
LandDanmarkKøbenhavn
98%
RegionNordjyllandAalborg
92%
LandGrønlandNuuk
81%
LandFærøerneThorshavn
67%
RegionSyddanmarkVejle
65%
RegionHovedstadenHillerød
58%
RegionMidtjyllandViborg
54%
RegionSjællandSorø
45%

Score Distribution

Percentile by Number Answered

Percent of People with Each Score

Your Score History

You have not taken this quiz